000 00680nam a22002297a 4500
003 UA-OsUOA
001 61989
007 ta
008 20070406b un ||||| |||| 00| 0 ukr d
100 _aЄщенко Т.А.
090 _a81'42
_bЕ99
942 _cBK
040 _aUA-OsUOA
_bukr
_cUA-OsUOA
_dUA-OsUOA
245 _aЛінгвістичний аналіз тексту
_bМодульний курс
300 _a336 с.
955 _a2
041 _aukr
080 _a81'42
260 _aДонецьк
_bДІСО
_c2009
650 7 _a8 Мовознавство. Художня література. Літературознавство
_2UDC
999 _c347968
_d347968